[Event "17th Asian-ch"]
[Site "Xingtai CHN"]
[Date "2019.06.09"]
[Round "3.13"]
[White "Krishna, C. R. G."]
[Black "Aryan Chopra"]
[Result "1/2-1/2"]
[WhiteElo "2481"]
[BlackElo "2553"]
[EventDate "2019.06.07"]
[PlyCount "116"]

1.d4 Nf6 2.c4 g6 3.Nc3 Bg7 4.e4 d6 5.h3 O-O 6.Be3 c6 7.g4 a6 8.Nge2 b5 9.
cxb5 axb5 10.Ng3 e5 11.Bg2 exd4 12.Bxd4 h6 13.O-O Bb7 14.e5 dxe5 15.Bxe5 
b4 16.Nce2 Qa5 17.Bd4 Na6 18.Qc2 Nc7 19.Nf4 Ncd5 20.Nd3 Ba6 21.Rfd1 Bxd3 
22.Qxd3 Nf4 23.Qf3 N6d5 24.Bf1 Rfd8 25.Bxg7 Kxg7 26.Qe4 Qc7 27.Re1 Qd6 28.
Qd4+ Qf6 29.Re4 Qxd4 30.Rxd4 Ra5 31.Kh2 c5 32.Rd2 Ne6 33.Bg2 Nd4 34.Rc1 
Nf4 35.Nf1 Rxa2 36.Rxc5 Nb3 37.Rxd8 Nxc5 38.Rd2 Ncd3 39.b3 Ra3 40.Bd5 Ne5 
41.Ne3 f6 42.Rc2 Nxd5 43.Nxd5 Rxb3 44.Rc7+ Kf8 45.Rb7 Nd3 46.Rb6 Rb2 47.
Rxf6+ Kg7 48.Kg3 b3 49.Rb6 Nxf2 50.Rb7+ Kf8 51.Nf6 g5 52.Nd7+ Ke8 53.Nc5 
Kd8 54.Kf3 Nxh3 55.Rxb3 Rxb3+ 56.Nxb3 Ke7 57.Nd4 Kf6 58.Ne2 Ke5 1/2-1/2

[Event "17th Asian-ch"]
[Site "Xingtai CHN"]
[Date "2019.06.09"]
[Round "3.14"]
[White "Rahul Srivatshav, P."]
[Black "Xu Yinglun"]
[Result "1/2-1/2"]
[WhiteElo "2395"]
[BlackElo "2548"]
[EventDate "2019.06.07"]
[PlyCount "69"]

1.Nf3 Nf6 2.c4 e6 3.g3 d5 4.Bg2 dxc4 5.Qa4+ c6 6.Qxc4 b5 7.Qb3 Bb7 8.O-O 
Nbd7 9.d4 a6 10.Ne5 Nxe5 11.dxe5 Nd7 12.Nc3 Be7 13.Bf4 O-O 14.Ne4 Qc7 15.
Nf6+ Bxf6 16.exf6 e5 17.fxg7 Rfe8 18.Be3 c5 19.Bxb7 Qxb7 20.Rfd1 c4 21.Qb4
Nf6 22.Rd6 a5 23.Qd2 Ne4 24.Rd7 Qc6 25.Qd5 Qxd5 26.Rxd5 Rab8 27.f3 Nf6 28.
Rd6 Kxg7 29.Rad1 Rec8 30.Bg5 Ne8 31.Bh6+ Kg8 32.Ra6 a4 33.Rd5 Nc7 34.Rxe5 
Nxa6 35.Rg5+ 1/2-1/2

[Event "17th Asian-ch"]
[Site "Xingtai CHN"]
[Date "2019.06.09"]
[Round "3.15"]
[White "Adhiban, Baskaran"]
[Black "Akash, Ganesan"]
[Result "1-0"]
[WhiteElo "2676"]
[BlackElo "2404"]
[EventDate "2019.06.07"]
[PlyCount "131"]

1.e4 c5 2.Nf3 d6 3.d4 cxd4 4.Nxd4 Nf6 5.Nc3 Nc6 6.Bc4 e6 7.Be3 a6 8.Qe2 
Qc7 9.O-O-O Na5 10.Bb3 b5 11.Kb1 Be7 12.f3 O-O 13.g4 Nd7 14.Bxe6 fxe6 15.
Nxe6 Qc4 16.Nxf8 Qxe2 17.Nxe2 Bxf8 18.b3 Nc6 19.g5 Nde5 20.Rhf1 Bh3 21.Rg1
Re8 22.Rg3 Bc8 23.Nc3 Bb7 24.Bc1 Ne7 25.Ba3 Nf7 26.f4 g6 27.Rgd3 Bg7 28.e5
dxe5 29.Rd7 Bf3 30.Rf1 e4 31.Nxe4 Bxe4 32.Rxe7 Rxe7 33.Bxe7 Bf8 34.Bxf8 
Kxf8 35.Kb2 Nd8 36.Rd1 Nc6 37.Rd7 Bf5 38.Rxh7 Ne7 39.Rh8+ Ng8 40.Rh7 Ne7 
41.b4 Be6 42.a3 Bg8 43.Rh3 Bc4 44.Re3 Kf7 45.Re5 Nd5 46.f5 gxf5 47.Rxf5+ 
Kg6 48.Re5 Kh5 49.Kc1 Nb6 50.Re7 Kxg5 51.Ra7 Kg4 52.Rxa6 Na4 53.Kd2 Kh3 
54.Rxa4 bxa4 55.Kc3 Bf1 56.Kd4 Kxh2 57.Kc5 Kg3 58.b5 Kf4 59.b6 Ba6 60.Kd6 
Ke4 61.c4 Kd4 62.c5 Kc3 63.c6 Kb3 64.b7 Bxb7 65.cxb7 Kxa3 66.b8=Q 1-0

[Event "17th Asian-ch"]
[Site "Xingtai CHN"]
[Date "2019.06.09"]
[Round "3.16"]
[White "Maghsoodloo, Parham"]
[Black "Gomez, John Paul"]
[Result "1-0"]
[WhiteElo "2665"]
[BlackElo "2467"]
[EventDate "2019.06.07"]
[PlyCount "79"]

1.c4 e5 2.g3 Nf6 3.Nc3 d5 4.cxd5 Nxd5 5.Bg2 Nb6 6.Nf3 Nc6 7.O-O Be7 8.d3 
O-O 9.a3 Be6 10.Be3 f5 11.Rc1 f4 12.Bd2 g5 13.Ne4 Nd7 14.Rxc6 bxc6 15.Bc3 
Bd5 16.Nxe5 Nxe5 17.Bxe5 Rb8 18.Qa4 Bxe4 19.Bxe4 Bf6 20.Bxf6 Rxf6 21.b4 
Qd6 22.Qxa7 Rbf8 23.Kg2 g4 24.f3 gxf3+ 25.exf3 Rh6 26.g4 c5 27.Qxc5 Qxc5 
28.bxc5 Rb8 29.Rf2 Ra6 30.g5 Ra5 31.Rc2 Rbb5 32.d4 Rxa3 33.Kh3 Rb4 34.Rd2 
Rb8 35.Kg4 Rf8 36.Re2 Re3 37.Ra2 Re1 38.Ra7 Kh8 39.d5 Rg1+ 40.Kh5 1-0

[Event "17th Asian-ch"]
[Site "Xingtai CHN"]
[Date "2019.06.09"]
[Round "3.18"]
[White "Bilguun, Sumiya"]
[Black "Narayanan, Sunilduth Lyna"]
[Result "0-1"]
[WhiteElo "2478"]
[BlackElo "2603"]
[EventDate "2019.06.07"]
[PlyCount "102"]

1.e4 c5 2.Nf3 d6 3.d4 cxd4 4.Nxd4 Nf6 5.Nc3 a6 6.Be2 e5 7.Nb3 Be7 8.Be3 
Be6 9.Bf3 Nbd7 10.a4 Nb6 11.Nd2 O-O 12.a5 Nbd7 13.O-O Rc8 14.Re1 h6 15.Nf1
Qc7 16.Ng3 Rfd8 17.Qd2 Bf8 18.Rec1 b5 19.Nd5 Qb7 20.b3 Bxd5 21.exd5 Nc5 
22.Rd1 Re8 23.Rab1 b4 24.Ra1 Re7 25.Be2 Nfe4 26.Nxe4 Nxe4 27.Qd3 Nc3 28.
Rd2 Nb5 29.Bb6 e4 30.Qe3 Rc3 31.Bxb5 Rxe3 32.Bc6 Qc8 33.Bxe3 Re5 34.Ra4 
Be7 35.Rxb4 Bg5 36.Bxg5 hxg5 37.Re2 Qg4 38.Re1 Qf4 39.g3 Qf3 40.Re3 Qd1+ 
41.Kg2 f5 42.Rb8+ Kh7 43.Rf8 g6 44.Bb7 Kg7 45.Rc8 f4 46.Rec3 f3+ 47.Kh3 
Re7 48.R3c7 Rxc7 49.Rxc7+ Kf6 50.Bxa6 Qxd5 51.g4 Qg8 0-1

[Event "17th Asian-ch"]
[Site "Xingtai CHN"]
[Date "2019.06.09"]
[Round "3.19"]
[White "Yakubboev, Nodirbek"]
[Black "Laylo, Darwin"]
[Result "1-0"]
[WhiteElo "2587"]
[BlackElo "2433"]
[EventDate "2019.06.07"]
[PlyCount "65"]

1.d4 Nf6 2.c4 c6 3.Nf3 d5 4.e3 g6 5.Nc3 Bg7 6.Bd3 O-O 7.O-O Na6 8.cxd5 
cxd5 9.Qb3 Qd6 10.Bd2 Bf5 11.Nb5 Qd8 12.Bxf5 gxf5 13.Rfc1 Ne4 14.Be1 Qd7 
15.a4 e6 16.Ne5 Qe7 17.f3 Nec5 18.Qa3 Rfe8 19.Nxf7 Kxf7 20.dxc5 Kg8 21.Bc3
e5 22.b4 Nc7 23.Qb3 Rad8 24.e4 fxe4 25.fxe4 Kh8 26.Nxc7 Qxc7 27.exd5 Qf7 
28.Rd1 Rg8 29.Qc4 Rgf8 30.Ra2 Qg6 31.d6 Rf4 32.Qe2 Qf5 33.Rad2 1-0

[Event "17th Asian-ch"]
[Site "Xingtai CHN"]
[Date "2019.06.09"]
[Round "3.20"]
[White "Battulga, Namkhai"]
[Black "Zeng Chongsheng"]
[Result "0-1"]
[WhiteElo "2425"]
[BlackElo "2561"]
[EventDate "2019.06.07"]
[PlyCount "51"]

1.e4 c5 2.Nf3 Nc6 3.d4 cxd4 4.Nxd4 Qc7 5.Nc3 e6 6.Be2 Nf6 7.Be3 Be7 8.O-O 
O-O 9.f4 d6 10.Kh1 Nxd4 11.Qxd4 a6 12.a4 Bd7 13.e5 Ne8 14.Bf3 Bc6 15.Ne4 
Rd8 16.Qc3 Rc8 17.Bd4 dxe5 18.fxe5 f5 19.exf6 Nxf6 20.Ng5 Qd7 21.Qe3 Rfe8 
22.Qd3 e5 23.Bxc6 Rxc6 24.Be3 Qxd3 25.cxd3 Ng4 26.Nf3 0-1

[Event "17th Asian-ch"]
[Site "Xingtai CHN"]
[Date "2019.06.09"]
[Round "3.21"]
[White "Sengupta, Deep"]
[Black "Zhang Ziji"]
[Result "1-0"]
[WhiteElo "2559"]
[BlackElo "2408"]
[EventDate "2019.06.07"]
[PlyCount "83"]

1.e4 e5 2.Nf3 Nc6 3.d4 exd4 4.Nxd4 Bc5 5.Nb3 Bb6 6.Nc3 Nf6 7.Qe2 a5 8.e5 
O-O 9.exf6 a4 10.Ne4 axb3 11.fxg7 Kxg7 12.Qh5 Re8 13.Bh6+ Kh8 14.Bd3 d5 
15.Bg5 dxe4 16.Bxd8 exd3+ 17.Kd2 Rxd8 18.c3 Ra5 19.Qh4 bxa2 20.Rhe1 Rf5 
21.f4 Be6 22.Re4 Bd5 23.g4 Bxe4 24.gxf5 Rd6 25.Rxa2 Bxf5 26.Qg5 Bc8 27.Ra8
Na7 28.Qe5+ Kg8 29.f5 Kf8 30.Rxa7 Bxa7 31.Qh8+ Ke7 32.Qxc8 Bb6 33.Qxb7 Kf6
34.Qe4 h6 35.b4 c6 36.Qf4 Ke7 37.c4 Bd8 38.c5 Rd5 39.Qxh6 Bc7 40.Qxc6 Bf4+
41.Kd1 Rd4 42.f6+ 1-0

[Event "17th Asian-ch"]
[Site "Xingtai CHN"]
[Date "2019.06.09"]
[Round "3.22"]
[White "Xu Zhihang"]
[Black "Lin Yi"]
[Result "1-0"]
[WhiteElo "2504"]
[BlackElo "2396"]
[EventDate "2019.06.07"]
[PlyCount "61"]

1.d4 Nf6 2.c4 g6 3.Nc3 d5 4.cxd5 Nxd5 5.e4 Nxc3 6.bxc3 Bg7 7.Bc4 c5 8.Ne2 
O-O 9.O-O Qa5 10.Rb1 Nd7 11.Bd3 Qxa2 12.Bg5 Qe6 13.f4 f5 14.exf5 gxf5 15.
Ng3 c4 16.Re1 Qd5 17.Bf1 e6 18.Nh5 Nf6 19.Re5 Qc6 20.Nxg7 Kxg7 21.Rb4 Bd7 
22.Rc5 Qe4 23.Rc7 Qe3+ 24.Kh1 Ng4 25.Rxd7+ Rf7 26.Rxf7+ Kxf7 27.Rb2 Nf2+ 
28.Rxf2 Qxf2 29.Bxc4 Kg6 30.Bxe6 Re8 31.d5 1-0

[Event "17th Asian-ch"]
[Site "Xingtai CHN"]
[Date "2019.06.09"]
[Round "3.23"]
[White "Harshavardhan, G. B."]
[Black "Sadhwani, Raunak"]
[Result "1-0"]
[WhiteElo "2406"]
[BlackElo "2482"]
[EventDate "2019.06.07"]
[PlyCount "87"]

1.d4 Nf6 2.c4 g6 3.Nc3 Bg7 4.e4 d6 5.Nf3 O-O 6.Be2 Nbd7 7.Nd2 Ne8 8.Nb3 a5
9.a4 e5 10.d5 f5 11.h4 f4 12.h5 g5 13.h6 Bf6 14.g3 Kh8 15.Bd2 c6 16.Qc2 
Qb6 17.Rf1 Nc7 18.Na2 Nc5 19.Nxc5 Qxc5 20.b4 Qa7 21.bxa5 Na6 22.Nc1 Nc5 
23.Nb3 Bd8 24.gxf4 gxf4 25.a6 Nxa6 26.dxc6 bxc6 27.c5 d5 28.Rg1 Bf6 29.
exd5 cxd5 30.Rc1 Be6 31.c6 Rg8 32.Rxg8+ Rxg8 33.Bf1 Nc7 34.Nc5 Bc8 35.Nd7 
Bh4 36.Bc3 Re8 37.Kd1 d4 38.Bb2 Qa5 39.Bd3 Rg8 40.Qb3 Ba6 41.Rc5 Rg1+ 42.
Kc2 Qe1 43.Qb8+ Rg8 44.Qxc7 1-0

[Event "17th Asian-ch"]
[Site "Xingtai CHN"]
[Date "2019.06.09"]
[Round "3.24"]
[White "Sankalp, Gupta"]
[Black "Dai Changren"]
[Result "1-0"]
[WhiteElo "2359"]
[BlackElo "2480"]
[EventDate "2019.06.07"]
[PlyCount "83"]

1.e4 c5 2.Nf3 Nc6 3.d4 cxd4 4.Nxd4 Nf6 5.Nc3 d6 6.Bg5 e6 7.Qd2 a6 8.O-O-O 
Bd7 9.f4 h6 10.Bh4 b5 11.Bxf6 gxf6 12.Kb1 Qb6 13.Nxc6 Bxc6 14.f5 h5 15.
fxe6 fxe6 16.Qf4 Be7 17.g3 Qc5 18.Bh3 Kf7 19.Ne2 Bd7 20.Qd2 Rac8 21.Rhf1 
Rc7 22.Nd4 Rg8 23.Rf3 Qg5 24.Qd3 Qe5 25.Rf2 Rc4 26.Nf3 Qxe4 27.Qd2 Rc5 28.
Re1 Qd5 29.Qe3 f5 30.Bxf5 Ke8 31.Be4 Bg5 32.Qa3 Qc4 33.Qxa6 Be7 34.Bh7 Rg7
35.Bd3 Qa4 36.Qb6 Qa8 37.Nh4 Bxh4 38.gxh4 Ke7 39.Ref1 Qg8 40.Rf8 Qxf8 41.
Rxf8 Kxf8 42.Qxd6+ 1-0

[Event "17th Asian-ch"]
[Site "Xingtai CHN"]
[Date "2019.06.09"]
[Round "3.25"]
[White "Vaibhav, Suri"]
[Black "Quizon, Daniel"]
[Result "1-0"]
[WhiteElo "2599"]
[BlackElo "2351"]
[EventDate "2019.06.07"]
[PlyCount "97"]

1.c4 Nf6 2.Nc3 g6 3.d4 Bg7 4.e4 d6 5.Nf3 O-O 6.h3 e5 7.d5 a5 8.Be3 Na6 9.
g4 b6 10.Be2 Nc5 11.Nd2 Ne8 12.h4 h6 13.Nf1 Bd7 14.Qd2 Kh7 15.Ng3 Qc8 16.
f3 Qd8 17.O-O-O a4 18.Kb1 Qe7 19.Rdg1 Rh8 20.Rh2 Rb8 21.Bd1 Ra8 22.Bc2 Kg8
23.a3 Kf8 24.Rf1 Kg8 25.Rg1 Kf8 26.Re1 Kg8 27.Rf1 Ra6 28.Nge2 Ra8 29.Ng1 
Ra6 30.Qd1 Ra8 31.Nge2 Bf6 32.Rfh1 Bg7 33.Nb5 Qf6 34.Nec3 Qe7 35.g5 h5 36.
Nxa4 Nxa4 37.Bxa4 Kh7 38.Bc2 Rb8 39.Rf2 c6 40.dxc6 Bxc6 41.Rd2 Bf8 42.Nc3 
Nc7 43.f4 b5 44.fxe5 dxe5 45.Nd5 Bxd5 46.exd5 bxc4 47.d6 Qd7 48.dxc7 Qxc7 
49.Rd7 1-0

[Event "17th Asian-ch"]
[Site "Xingtai CHN"]
[Date "2019.06.09"]
[Round "3.26"]
[White "Idani, Pouya"]
[Black "Zhao Chenxi"]
[Result "1-0"]
[WhiteElo "2597"]
[BlackElo "2383"]
[EventDate "2019.06.07"]
[PlyCount "68"]

1.Nf3 Nf6 2.c4 g6 3.g3 Bg7 4.Bg2 O-O 5.d4 d6 6.Nc3 c6 7.O-O Qa5 8.h3 Be6 
9.Qd3 Qa6 10.b3 d5 11.Nd2 Rd8 12.Bb2 Nbd7 13.e3 Nb6 14.Qe2 dxc4 15.Rfc1 
Nfd7 16.Rab1 Rac8 17.Ba1 Bf5 18.e4 Be6 19.Nf3 h6 20.b4 Na4 21.b5 Nxc3 22.
Bxc3 cxb5 23.d5 Bxc3 24.Rxc3 Bxd5 25.exd5 Nf6 26.Ne5 Nxd5 27.Bxd5 Rxd5 28.
Re1 Qf6 29.Re3 h5 30.Nxf7 Qxf7 31.Rxe7 Qf6 32.Re8+ Rxe8 33.Qxe8+ Kg7 34.
Re7+ Kh6 1-0

[Event "17th Asian-ch"]
[Site "Xingtai CHN"]
[Date "2019.06.09"]
[Round "3.27"]
[White "Peng Hongchi"]
[Black "Vignesh, N. R."]
[Result "0-1"]
[WhiteElo "2370"]
[BlackElo "2459"]
[EventDate "2019.06.07"]
[PlyCount "46"]

1.e4 e5 2.Nf3 Nf6 3.Nxe5 d6 4.Nf3 Nxe4 5.Nc3 Nxc3 6.dxc3 Be7 7.Be3 O-O 8.
Qd2 Nd7 9.O-O-O b6 10.Nd4 Bb7 11.Bb5 Ne5 12.f4 a6 13.Be2 Ng6 14.h4 Nxh4 
15.Nf3 Re8 16.Rh2 h6 17.Rdh1 Nxf3 18.gxf3 Bf6 19.f5 b5 20.Rg1 Re5 21.Bd3 
Bxf3 22.Bf4 Re7 23.Rf2 Bb7 0-1

[Event "17th Asian-ch"]
[Site "Xingtai CHN"]
[Date "2019.06.09"]
[Round "3.28"]
[White "Xu Minghui"]
[Black "Chen Qi"]
[Result "1-0"]
[WhiteElo "2368"]
[BlackElo "2453"]
[EventDate "2019.06.07"]
[PlyCount "71"]

1.d4 Nf6 2.c4 e6 3.Nc3 Bb4 4.Bd2 d5 5.e3 O-O 6.Nf3 b6 7.cxd5 exd5 8.Bd3 
Bb7 9.Rc1 a6 10.Ne5 Nbd7 11.f4 c5 12.Ne2 Bxd2+ 13.Qxd2 cxd4 14.Nxd7 Qxd7 
15.Nxd4 Ne4 16.Bxe4 dxe4 17.Qb4 Rac8 18.Kf2 b5 19.Rhd1 Rxc1 20.Rxc1 Rc8 
21.Rc5 h6 22.Nf5 Rxc5 23.Qxc5 Qe6 24.g4 g6 25.Nxh6+ Kg7 26.Qd4+ Kh7 27.Qd8
f6 28.Kg3 Bc6 29.Qf8 Qe8 30.Qf7+ Qxf7 31.Nxf7 Kg7 32.Nd6 Kf8 33.h4 Ke7 34.
h5 Kxd6 35.h6 Bd5 36.h7 1-0

[Event "17th Asian-ch"]
[Site "Xingtai CHN"]
[Date "2019.06.09"]
[Round "3.29"]
[White "Zhao Yuanhe"]
[Black "Srijit, Paul"]
[Result "1-0"]
[WhiteElo "2444"]
[BlackElo "2361"]
[EventDate "2019.06.07"]
[PlyCount "71"]

1.d4 d5 2.c4 e6 3.g3 c6 4.Bg2 Nf6 5.Nf3 Bd6 6.O-O O-O 7.Bg5 Nbd7 8.Nbd2 h6
9.Bxf6 Nxf6 10.Qc2 b6 11.e4 dxe4 12.Nxe4 Nxe4 13.Qxe4 Bb7 14.Ne5 Bxe5 15.
Qxe5 Rc8 16.Rfd1 Qc7 17.b4 Rfd8 18.Rac1 Rd7 19.c5 Rcd8 20.Qe3 bxc5 21.Rxc5
Rd6 22.Qc3 Qe7 23.Bf3 Ba8 24.Ra5 R6d7 25.Kg2 f6 26.Qc4 Kh8 27.Re1 Re8 28.
Ra6 Rc7 29.Re3 Qd7 30.Qc5 Rd8 31.Rea3 Qxd4 32.Qxd4 Rxd4 33.Rxa7 Bb7 34.b5 
cxb5 35.Rxb7 Rxb7 36.Bxb7 1-0

[Event "17th Asian-ch"]
[Site "Xingtai CHN"]
[Date "2019.06.09"]
[Round "3.30"]
[White "Nguyen Duc Hoa"]
[Black "Winkelman, Albert"]
[Result "1-0"]
[WhiteElo "2436"]
[BlackElo "2176"]
[EventDate "2019.06.07"]
[PlyCount "39"]

1.d4 Nf6 2.c4 e6 3.g3 d5 4.Bg2 Be7 5.Nf3 O-O 6.O-O dxc4 7.Qc2 b6 8.Ne5 
Qxd4 9.Nxc4 Nd5 10.Rd1 Qf6 11.a3 c6 12.e4 Nc7 13.Bf4 Nca6 14.Nc3 e5 15.
Bxe5 Qe6 16.Nd5 Bg5 17.h4 b5 18.hxg5 bxc4 19.Qc3 Re8 20.Nf4 1-0

[Event "17th Asian-ch"]
[Site "Xingtai CHN"]
[Date "2019.06.09"]
[Round "3.31"]
[White "Garcia, Jan Emmanuel"]
[Black "Song Yuxin"]
[Result "1-0"]
[WhiteElo "2413"]
[BlackElo "2308"]
[EventDate "2019.06.07"]
[PlyCount "83"]

1.c4 e6 2.Nc3 d5 3.d4 Nf6 4.cxd5 exd5 5.Bg5 c6 6.e3 h6 7.Bh4 Be7 8.Bd3 Ne4
9.Bxe4 Bxh4 10.Bc2 Be7 11.Nf3 Nd7 12.O-O Nf6 13.Ne5 Bd6 14.f4 Qe7 15.Qf3 
h5 16.h3 Be6 17.Rac1 Bb4 18.Bd3 Nd7 19.f5 Nxe5 20.dxe5 Bd7 21.Qf4 Bxc3 22.
Rxc3 O-O-O 23.f6 gxf6 24.exf6 Qe6 25.Ba6 Qe4 26.Bxb7+ Kxb7 27.Rb3+ Ka8 28.
Qc7 Rb8 29.Qxd7 Rxb3 30.axb3 Qxe3+ 31.Kh1 Qe8 32.Qc7 Rf8 33.Ra1 Qb8 34.Qe7
Rc8 35.Qxf7 Rc7 36.Qe6 Qf8 37.Rf1 Kb7 38.f7 h4 39.Qe8 Rc8 40.Re1 d4 41.
Qxc8+ Qxc8 42.Re8 1-0

[Event "17th Asian-ch"]
[Site "Xingtai CHN"]
[Date "2019.06.09"]
[Round "3.32"]
[White "Huang Renjie"]
[Black "Amartuvshin, Ganzorig"]
[Result "1-0"]
[WhiteElo "2327"]
[BlackElo "2394"]
[EventDate "2019.06.07"]
[PlyCount "72"]

1.e4 c5 2.Nf3 e6 3.d4 cxd4 4.Nxd4 Nc6 5.Nc3 Qc7 6.g3 a6 7.Bg2 d6 8.O-O Bd7
9.Nce2 Nf6 10.b3 Be7 11.Bb2 O-O 12.c4 Rac8 13.Rc1 Ne5 14.Qd2 Rfe8 15.f4 
Ng6 16.Kh1 h5 17.f5 Ne5 18.fxe6 fxe6 19.Nf4 Bf8 20.Nf3 Bc6 21.Nxe5 dxe5 
22.Ng6 Bxe4 23.Bxe4 Nxe4 24.Qe2 Nf6 25.Nxe5 Bd6 26.Nf3 Qe7 27.Ng5 e5 28.
Ne4 Nxe4 29.Qxe4 Rf8 30.Qg6 Qd7 31.Qe4 Qh3 32.Qg2 Qxg2+ 33.Kxg2 e4 34.Rcd1
Bc5 35.Rd7 Rxf1 36.Kxf1 Kf8 1-0

[Event "17th Asian-ch"]
[Site "Xingtai CHN"]
[Date "2019.06.09"]
[Round "3.33"]
[White "Hasan Parag, Mehdi"]
[Black "Torre, Eugenio"]
[Result "1/2-1/2"]
[WhiteElo "2204"]
[BlackElo "2451"]
[EventDate "2019.06.07"]
[PlyCount "43"]

1.e4 e5 2.Nf3 Nc6 3.Bc4 Nf6 4.d3 Be7 5.O-O O-O 6.Re1 d6 7.a4 Na5 8.Ba2 c5 
9.Na3 Be6 10.Bxe6 fxe6 11.Bd2 Nc6 12.c3 Qd7 13.b4 cxb4 14.cxb4 Rac8 15.b5 
Nd4 16.Nxd4 exd4 17.f3 d5 18.exd5 exd5 19.Nc2 Bc5 20.Qe2 Rce8 21.Qf1 Rc8 
22.Qe2 1/2-1/2

[Event "17th Asian-ch"]
[Site "Xingtai CHN"]
[Date "2019.06.09"]
[Round "3.34"]
[White "Chan Kim Yew"]
[Black "Bersamina, Paulo"]
[Result "0-1"]
[WhiteElo "2293"]
[BlackElo "2446"]
[EventDate "2019.06.07"]
[PlyCount "90"]

1.Nf3 c5 2.c4 Nc6 3.d4 cxd4 4.Nxd4 Nf6 5.Nc3 g6 6.e4 d6 7.Be2 Nxd4 8.Qxd4 
Bg7 9.Be3 O-O 10.Qd2 a5 11.f3 a4 12.Rc1 Qa5 13.Rc2 Be6 14.Nd5 Bxd5 15.cxd5
Nd7 16.Qxa5 Rxa5 17.Rc7 Nc5 18.Rxe7 Rc8 19.Bf4 Rd8 20.Kd2 Bxb2 21.Rc7 a3 
22.Be3 Na4 23.Rb1 b5 24.Bd1 Rb8 25.Bxa4 Rxa4 26.Kc2 f5 27.exf5 gxf5 28.Bc1
Bxc1 29.Rxc1 Re8 30.Kb3 Rd4 31.Rc8 Rxc8 32.Rxc8+ Kf7 33.Kxa3 Rd2 34.Rc7+ 
Kg6 35.Kb4 Rxd5 36.Rb7 Rd2 37.a3 Rxg2 38.Kxb5 Rb2+ 39.Kc6 Rxb7 40.Kxb7 d5 
41.a4 d4 42.a5 d3 43.a6 d2 44.a7 d1=Q 45.a8=Q Qxf3+ 0-1

[Event "17th Asian-ch"]
[Site "Xingtai CHN"]
[Date "2019.06.09"]
[Round "3.35"]
[White "Kojima, Shinya"]
[Black "Bai, Adelard"]
[Result "1-0"]
[WhiteElo "2400"]
[BlackElo "2074"]
[EventDate "2019.06.07"]
[PlyCount "57"]

1.d4 d5 2.Nf3 Nf6 3.c4 c6 4.Nc3 dxc4 5.a4 e6 6.e4 Bb4 7.Qc2 b5 8.Be2 O-O 
9.O-O Bxc3 10.bxc3 h6 11.Ne5 Bb7 12.Ba3 Re8 13.Rfd1 Qc7 14.f4 a6 15.Bf3 
Nbd7 16.Nxd7 Nxd7 17.e5 c5 18.Bxb7 Qxb7 19.dxc5 Qc7 20.Qf2 Rec8 21.Rd6 
Nxc5 22.Bxc5 bxa4 23.Rxa4 Rab8 24.Bb6 Qb7 25.h3 Rc6 26.Rxc6 Qxc6 27.Rb4 
Qe4 28.Kh2 Rd8 29.Bxd8 1-0

[Event "17th Asian-ch"]
[Site "Xingtai CHN"]
[Date "2019.06.09"]
[Round "3.36"]
[White "Wang Shixu"]
[Black "Chaulagain, Purushottam"]
[Result "1-0"]
[WhiteElo "2392"]
[BlackElo "2020"]
[EventDate "2019.06.07"]
[PlyCount "57"]

1.d4 Nf6 2.c4 g6 3.Nc3 Bg7 4.e4 d6 5.Nge2 O-O 6.Ng3 e5 7.d5 h5 8.Bg5 Qe8 
9.Bd3 Nh7 10.Be3 h4 11.Nge2 h3 12.Rg1 Nf6 13.f3 hxg2 14.Rxg2 Qd7 15.Qd2 
Nh5 16.O-O-O Qh3 17.Rdg1 a6 18.Kb1 c6 19.Ng3 Nf4 20.Bxf4 exf4 21.Qxf4 Be5 
22.Qe3 Qh8 23.Nf5 Bxf5 24.exf5 Bd4 25.Rxg6+ fxg6 26.Qe6+ Rf7 27.fxg6 Kg7 
28.Qxf7+ Kh6 29.g7 1-0

[Event "17th Asian-ch"]
[Site "Xingtai CHN"]
[Date "2019.06.10"]
[Round "4.3"]
[White "Lu Shanglei"]
[Black "Liu Yan"]
[Result "1/2-1/2"]
[WhiteElo "2624"]
[BlackElo "2504"]
[EventDate "2019.06.07"]
[PlyCount "44"]

1.e4 e5 2.Bc4 Nf6 3.d3 c6 4.Nf3 Be7 5.O-O d6 6.Re1 O-O 7.h3 b5 8.Bb3 Nbd7 
9.c3 a5 10.d4 a4 11.Bc2 Qc7 12.Bg5 Re8 13.Nbd2 h6 14.Bh4 Nf8 15.Nf1 Ng6 
16.Bg3 Bf8 17.Ne3 Qb6 18.Nf5 c5 19.N5h4 Nxh4 20.Bxh4 Nh5 21.Nh2 Nf4 22.Bg3
Ng6 1/2-1/2

[Event "17th Asian-ch"]
[Site "Xingtai CHN"]
[Date "2019.06.10"]
[Round "4.4"]
[White "Aravindh, Chithambaram"]
[Black "Maghsoodloo, Parham"]
[Result "1/2-1/2"]
[WhiteElo "2598"]
[BlackElo "2665"]
[EventDate "2019.06.07"]
[PlyCount "91"]

1.e4 c5 2.Nf3 Nc6 3.Bb5 g6 4.Bxc6 dxc6 5.d3 Qc7 6.h3 Bg7 7.Nc3 b6 8.O-O h6
9.Be3 g5 10.Nd2 Be6 11.a4 a5 12.f4 gxf4 13.Bxf4 Be5 14.Ne2 Nf6 15.Bxe5 
Qxe5 16.Nf4 Rg8 17.Nxe6 Qxe6 18.Qf3 Rg5 19.Nc4 Nd7 20.Kh1 f6 21.h4 Ne5 22.
Nxe5 Rxe5 23.Qe3 O-O-O 24.Rf4 Rd4 25.Qf2 Kb7 26.b3 f5 27.Rxf5 Rxf5 28.exf5
Qf6 29.Re1 Rxh4+ 30.Kg1 Rh5 31.Re6 Qa1+ 32.Re1 Qf6 33.Qe3 Rxf5 34.Qxe7+ 
Ka6 35.Qd7 Qd4+ 36.Qxd4 cxd4 37.Re6 Rc5 38.Rxh6 Rxc2 39.g4 b5 40.g5 Rc5 
41.Rh5 Kb6 42.Kf2 Rf5+ 43.Kg3 Kc5 44.Kg4 Rf8 45.Rh6 Rc8 46.Kf4 1/2-1/2

[Event "17th Asian-ch"]
[Site "Xingtai CHN"]
[Date "2019.06.10"]
[Round "4.6"]
[White "Le Quang Liem"]
[Black "Xu Yinglun"]
[Result "1/2-1/2"]
[WhiteElo "2694"]
[BlackElo "2548"]
[EventDate "2019.06.07"]
[PlyCount "97"]

1.d4 d5 2.c4 e6 3.Nc3 Be7 4.cxd5 exd5 5.Bf4 c6 6.e3 Bd6 7.Qf3 Ne7 8.h4 h5 
9.Bd3 Bg4 10.Qg3 Bxf4 11.Qxf4 Nd7 12.f3 Be6 13.Nge2 g6 14.Qg5 Nf5 15.Nf4 
Nf8 16.Qxd8+ Rxd8 17.Kf2 Ke7 18.b4 a6 19.Na4 Nd6 20.Nc5 Bf5 21.e4 dxe4 22.
fxe4 Bc8 23.Rhe1 Ne8 24.d5 Nf6 25.Rad1 N8d7 26.Nxd7 Rxd7 27.Kg1 cxd5 28.e5
Ne4 29.e6 Rd6 30.exf7 Bf5 31.Bc2 Rhd8 32.Bb3 Kxf7 33.Rxd5 Kf6 34.Kh2 Nd2 
35.Rd1 Ne4 36.Rf1 Rxd5 37.Bxd5 Nc3 38.Bxb7 Nxa2 39.Nxh5+ gxh5 40.Be4 Rd4 
41.Bxf5 Nxb4 42.g3 Kg7 43.Ra1 Rd5 44.Be4 Re5 45.Bf3 a5 46.Rd1 Nc2 47.Rd7+ 
Kg6 48.Rd6+ Kg7 49.Rd7+ 1/2-1/2

[Event "17th Asian-ch"]
[Site "Xingtai CHN"]
[Date "2019.06.10"]
[Round "4.8"]
[White "Nguyen Ngoc Truong Son"]
[Black "Vishnu Prasanna, Vasanthan"]
[Result "1/2-1/2"]
[WhiteElo "2639"]
[BlackElo "2511"]
[EventDate "2019.06.07"]
[PlyCount "23"]

1.d4 Nf6 2.c4 e6 3.Nf3 b6 4.g3 Bb4+ 5.Bd2 Bxd2+ 6.Qxd2 Ba6 7.b3 c6 8.Bg2 
d5 9.O-O Nbd7 10.Rc1 O-O 11.cxd5 cxd5 12.Nc3 1/2-1/2

[Event "17th Asian-ch"]
[Site "Xingtai CHN"]
[Date "2019.06.10"]
[Round "4.9"]
[White "Tran Tuan Minh"]
[Black "Zhumabaev, Rinat"]
[Result "0-1"]
[WhiteElo "2526"]
[BlackElo "2625"]
[EventDate "2019.06.07"]
[PlyCount "80"]

1.d4 d5 2.Bf4 Nf6 3.e3 c5 4.c3 Nc6 5.Bd3 Bg4 6.Nf3 e6 7.Nbd2 Be7 8.O-O O-O
9.Re1 a6 10.Qb1 Bh5 11.Ne5 Bg6 12.Nxg6 hxg6 13.a3 Bd6 14.Bg5 e5 15.dxc5 
Bxc5 16.c4 d4 17.b4 dxe3 18.fxe3 Be7 19.c5 Ng4 20.Bxe7 Qxe7 21.Ne4 f5 22.
Nd6 e4 23.Be2 Nce5 24.h3 Nh6 25.Qb3+ Kh7 26.Rad1 Rad8 27.Rd5 Qh4 28.Rf1 
Qg3 29.Qc3 Nef7 30.Rf4 Nxd6 31.cxd6 Rd7 32.Qd2 Rf6 33.h4 Nf7 34.h5 Rdxd6 
35.hxg6+ Kxg6 36.Bc4 Rxd5 37.Bxd5 Ne5 38.Qf2 Qxf2+ 39.Rxf2 b5 40.Rc2 Rd6 
0-1

[Event "17th Asian-ch"]
[Site "Xingtai CHN"]
[Date "2019.06.10"]
[Round "4.10"]
[White "Xu Zhihang"]
[Black "Nihal, Sarin"]
[Result "0-1"]
[WhiteElo "2504"]
[BlackElo "2606"]
[EventDate "2019.06.07"]
[PlyCount "66"]

1.d4 Nf6 2.c4 g6 3.Nc3 Bg7 4.e4 d6 5.Be2 O-O 6.Bg5 Na6 7.Nf3 e5 8.Qd2 Qe8 
9.O-O exd4 10.Qxd4 Nxe4 11.Qxe4 Bxc3 12.Qh4 Bxb2 13.Rae1 Qd7 14.Bh6 Bg7 
15.Bxg7 Kxg7 16.Ng5 h6 17.Qd4+ f6 18.Nh3 Nc5 19.Bd1 Qf7 20.Nf4 Ne6 21.
Nxe6+ Bxe6 22.c5 dxc5 23.Qxc5 Rfe8 24.Bc2 b6 25.Qc3 Bxa2 26.Ra1 Bd5 27.
Rfd1 c6 28.Rd4 Re5 29.h4 h5 30.Qg3 a5 31.Bd3 Rae8 32.Kh2 f5 33.Rf4 Qf6 0-1

[Event "17th Asian-ch"]
[Site "Xingtai CHN"]
[Date "2019.06.10"]
[Round "4.12"]
[White "Karthik, Venkataraman"]
[Black "Yakubboev, Nodirbek"]
[Result "1-0"]
[WhiteElo "2499"]
[BlackElo "2587"]
[EventDate "2019.06.07"]
[PlyCount "115"]

1.d4 Nf6 2.c4 e6 3.Nf3 b6 4.a3 Ba6 5.Qc2 Bb7 6.Nc3 c5 7.e4 cxd4 8.Nxd4 Bc5
9.Nf3 Ng4 10.Bg5 f6 11.Bh4 Nc6 12.Be2 O-O 13.O-O Rc8 14.Rad1 a6 15.Rd2 Qc7
16.Rfd1 Rfd8 17.b4 Bf8 18.Bg3 Nge5 19.Nd4 Ba8 20.Qb3 Qb7 21.Nc2 g5 22.Ne3 
Ng6 23.Bg4 Kg7 24.Qb2 Be7 25.Bd6 Bxd6 26.Rxd6 Qc7 27.Qd2 Nge5 28.Na4 Kg6 
29.Be2 Rb8 30.c5 b5 31.Nb6 Rxb6 32.cxb6 Qxb6 33.Ng4 Qa7 34.h4 h6 35.Nxe5+ 
Nxe5 36.Rxe6 dxe6 37.Qxd8 Bxe4 38.Rd4 Qb7 39.Qe8+ Kf5 40.g4+ Nxg4 41.Bxg4+
Kxg4 42.Qxe6+ f5 43.Qxh6 gxh4 44.Rd8 Qf7 45.Rh8 Kf3 46.Qg5 Qa7 47.Qh5+ Kf4
48.Qxh4+ Kf3 49.Qh5+ Kf4 50.Qh6+ Kf3 51.Qe3+ Qxe3 52.Rh3+ Ke2 53.Rxe3+ Kd2
54.Kh2 Kc2 55.Kg3 Kb2 56.Kf4 Bc2 57.Re2 Kb3 58.Ke5 1-0